000 004520000a22001690004500
003 MACL
005 20160225151436.0
008 160225b xxu||||| |||| 00| 0 eng d
040 _aMACL
_cMACL
041 _aHindi
082 _a800
100 _aशिवनाथ
_940414
245 _aमीमांसिका
260 _bकिताब महल
_c1951
_aइलाहाबाद
650 _aLiteracture
_939932
942 _cHIN
_k800
_2ddc
999 _c25147
_d25147